Guess the Pixelated Album Cover - Statistics

General Stats
  • This quiz has been taken 319 times
  • The average score is 9 of 16
Answer Stats
Picture Answer % Correct
Brat
80%
Abbey Road
77%
Nevermind
73%
The Dark Side of the Moon
72%
Thriller
71%
Starboy
67%
Cowboy Carter
66%
Astroworld
62%
Divide
59%
Rumours
56%
Sour
56%
Lover
47%
The Rise and Fall of Ziggy Stardust and the Spiders from Mars
45%
Harry's House
44%
Happier Than Ever
43%
A Head Full of Dreams
16%
No matching quizzes found
Score Distribution
Percent of People with Each Score
Percentile by Number Answered
Your Score History
You have not taken this quiz